000 00741nam a2200289Ia 4500
005 20260324133647.0
008 008 260324s9999 xx 000 0 eng d
020 _a9780203954393
037 _aEBOOK
040 _aCRL
040 _beng
040 _cCRL
041 _2eng
041 _aeng
084 _qCRL
100 _aCarlos Hiraldo
_91193912
245 0 _aSegregated Miscegenation
245 0 _bOn the Treatment of Racial Hybridity in the North American and Latin American Literary Traditions
260 _bTaylor and Francis
260 _c2003
365 _a
365 _b230
856 _uhttp://www.taylorfrancis.com/books/9780203954393
942 _cEBOOK
999 _c1793201
_d1793201